| 000 | 00837nam a22002177a 4500 | ||
|---|---|---|---|
| 999 |
_c63402 _d63402 |
||
| 005 | 20240530110639.0 | ||
| 008 | 171007s2016 ua g b 000 0 ara d | ||
| 017 |
_a2390 _bمصر. دار الكتب |
||
| 020 | _a9789773277579 | ||
| 040 |
_aEG-CaGPL _cEG-CaGPL |
||
| 082 | 0 | 4 |
_221 _a184\ _bم م |
| 100 | 0 | _aمحمد جمال الكيلانى . | |
| 245 | 1 | 0 |
_aمعجم المصطلحات الافلاطونية : _bمفهومها ودلالتها / _cمحمد جمال الكيلانى . |
| 250 | _aط.1 | ||
| 260 |
_aالاسكندرية : _bدار الوفاء لدنيا الطباعة و النشر ، _c2016 . |
||
| 300 |
_a399 ص. ؛ _c24 سم . |
||
| 650 | 0 | 7 |
_2qrmak _aالافلاطونية |
| 650 | 0 | 7 |
_2qrmak _aالافلاطونية _vمصطلحات |
| 942 |
_2ddc _cBK |
||